000
00219 a2200097 4500
001
3556
100
_a
Kiver, M.S
245
_a
Introduction to UHF circuits & components
260
_a
_b
Van-Nost
_c
090
_c
2820
_d
2820
942
_a
NUST-CAE
_c
M
_c
20225
999
_c
238629
_d
238629